000 00804pam a2200265 i 4500
999 _c10257
_d10257
001 2264777
003 OSt
005 20191224133956.0
008 780926s1979 nyua b 001 0 eng
010 _a 78021861
020 _a9788185274164
020 _a8174730877
040 _aDLC
_cDLC
_dDLC
050 0 0 _aHB171.5
_b.B69492 1979
082 0 0 _a339
_bBRA/M
100 _aBranson, William H
_9717
245 1 0 _aMacroeconomic theory and policy /
_cWilliam H. Branson.
250 _a2d ed.
260 _aNew Delhi :
_bUBS,
_bAITBS
_cc1979.
_c2001
300 _axiv, 556 p. :
_bill. ;
_c24 cm.
504 _aIncludes bibliographies and index.
650 0 _aMacroeconomics.
906 _a7
_bcbc
_corignew
_d1
_eocip
_f19
_gy-gencatlg
942 _2ddc
_cBK
_h339
_iBRA/M
_k339
_mBRA/M